[Event "SV Ibbenbüren 1 - Südlohner SV 2"]
[Site "Verbandsklasse 2018/2019"]
[Date "2018.11.17"]
[Round "3.4"]
[White "Langer, Ralf"]
[Black "Teloeken, Stefan"]
[Result "1/2-1/2"]
[WhiteElo "1734"]
[BlackElo "1814"]
[PlyCount "50"]
[EventDate "2018.??.??"]
[SourceDate "2018.10.06"]

1. d4 d5 2. Nf3 Nf6 3. Bf4 e6 4. e3 Bd6 5. Bg3 O-O 6. Bd3 h6 7. Nbd2 b6 8. O-O
Bb7 9. Qe2 c5 10. c3 Nc6 11. dxc5 bxc5 12. e4 Bxg3 13. hxg3 c4 14. Bc2 a5 15.
Rfd1 Qc7 16. exd5 exd5 17. Nf1 a4 18. a3 Rfe8 19. Qd2 Ne4 20. Qf4 Qxf4 21. gxf4
Nf6 22. Ne3 Ne7 23. Nd4 Reb8 24. Rab1 Bc8 25. Ndf5 Nxf5 1/2-1/2

[Event "SV Ibbenbüren 1 - Südlohner SV 2"]
[Site "Verbandsklasse 2018/2019"]
[Date "2018.11.17"]
[Round "3.5"]
[White "Albers, Thomas"]
[Black "Wolf, Sergej"]
[Result "1-0"]
[WhiteElo "1736"]
[BlackElo "1734"]
[PlyCount "45"]
[EventDate "2018.??.??"]
[SourceDate "2018.10.06"]

1. d4 Nf6 2. Nf3 d5 3. Bf4 c6 4. e3 Bf5 5. Bd3 e6 6. Bxf5 exf5 7. O-O Nbd7 8.
Nbd2 Be7 9. h3 Ne4 10. c4 Ndf6 11. Qb3 Qb6 12. Qxb6 axb6 13. a3 Nxd2 14. Nxd2
Ne4 15. Nxe4 fxe4 16. cxd5 cxd5 17. Rac1 O-O 18. Rc7 Bd8 19. Rxb7 Re8 20. Rd7
Ra5 21. Rc1 Kf8 22. Bd6+ Be7 23. Rxe7 1-0

[Event "SV Ibbenbüren 1 - Südlohner SV 2"]
[Site "Verbandsklasse 2018/2019"]
[Date "2018.11.17"]
[Round "3.6"]
[White "Werremeyer, Achim"]
[Black "Boecker, Manfred"]
[Result "0-1"]
[WhiteElo "1702"]
[BlackElo "1846"]
[PlyCount "56"]
[EventDate "2018.??.??"]
[SourceDate "2018.10.06"]

1. Nf3 Nf6 2. c4 b6 3. g3 Bb7 4. Bg2 e6 5. O-O Be7 6. d4 O-O 7. Nc3 d6 8. Qc2
Nbd7 9. e4 e5 10. Rd1 exd4 11. Nxd4 Rb8 12. Nd5 Nxd5 13. cxd5 a5 14. Be3 Bf6
15. a3 Nc5 16. b4 axb4 17. axb4 Na6 18. Ra4 Ra8 19. Rc1 Qd7 20. Nc6 h5 21. Qa2
Nxb4 22. Qb3 Nxc6 23. dxc6 Bxc6 24. Rxa8 Rxa8 25. Qc4 Ra1 26. Rxa1 Bxa1 27. h4
b5 28. Qe2 b4 0-1

[Event "SV Ibbenbüren 1 - Südlohner SV 2"]
[Site "Verbandsklasse 2018/2019"]
[Date "2018.11.17"]
[Round "3.7"]
[White "Schlattmann, Martin"]
[Black "Jonas, Robert"]
[Result "1/2-1/2"]
[WhiteElo "1721"]
[BlackElo "1672"]
[PlyCount "61"]
[EventDate "2018.??.??"]
[SourceDate "2018.10.06"]

1. d4 d5 2. e4 dxe4 3. Nc3 Nf6 4. f3 e3 5. Bxe3 e6 6. Bd3 Be7 7. Nge2 Nc6 8. a3
Nd5 9. Nxd5 exd5 10. Qd2 Bh4+ 11. g3 Bf6 12. c3 O-O 13. O-O Ne7 14. h4 Nf5 15.
Bxf5 Bxf5 16. g4 Bd7 17. g5 Be7 18. f4 Bf5 19. Ng3 Qd7 20. Nxf5 Qxf5 21. Qg2
Bd6 22. Rae1 Rae8 23. Bd2 Re4 24. Rxe4 dxe4 25. Be3 Re8 26. Kh2 g6 27. Qh3 Qb5
28. Rf2 Kg7 29. Qf1 Qf5 30. Qh3 Qb5 31. Qf1 1/2-1/2

[Event "SK Königsspringer Nordwalde 1 - SC Gron"]
[Site "Verbandsklasse 2018/2019"]
[Date "2018.11.17"]
[Round "3.1"]
[White "Kloenne, Tim"]
[Black "Sandmann, Matthias"]
[Result "1/2-1/2"]
[WhiteElo "1826"]
[BlackElo "1757"]
[PlyCount "46"]
[EventDate "2018.??.??"]
[SourceDate "2018.10.06"]

1. c4 e5 2. Nc3 Nf6 3. g3 d6 4. Bg2 Be7 5. Nf3 Be6 6. Qb3 Qc8 7. Ng5 c6 8. Nxe6
fxe6 9. d3 O-O 10. O-O Nbd7 11. Bg5 Nc5 12. Qc2 Nd5 13. Bxe7 Nxe7 14. b4 Nd7
15. b5 Rb8 16. a4 c5 17. Ne4 Qc7 18. a5 Nf6 19. e3 Nf5 20. Qb2 Qe7 21. Rfe1
Rbc8 22. Nxf6+ Rxf6 23. Be4 Qf7 1/2-1/2

[Event "SK Königsspringer Nordwalde 1 - SC Gron"]
[Site "Verbandsklasse 2018/2019"]
[Date "2018.11.17"]
[Round "3.2"]
[White "Lerke, Bernd"]
[Black "Rothkegel, Juergen"]
[Result "1/2-1/2"]
[WhiteElo "1843"]
[BlackElo "1835"]
[PlyCount "40"]
[EventDate "2018.??.??"]
[SourceDate "2018.10.06"]

1. Nf3 d5 2. c4 c6 3. b3 Bf5 4. Bb2 Nd7 5. e3 Ngf6 6. Be2 e6 7. O-O Bd6 8. d4
Ne4 9. Nbd2 O-O 10. Ne5 Nxd2 11. Qxd2 f6 12. Nxd7 Qxd7 13. Rac1 Rae8 14. Bf3
Bg6 15. Rfe1 f5 16. g3 Qf7 17. Bg2 Bh5 18. Bc3 Qe7 19. a3 a6 20. Bb4 Bxb4
1/2-1/2

[Event "SK Königsspringer Nordwalde 1 - SC Gron"]
[Site "Verbandsklasse 2018/2019"]
[Date "2018.11.17"]
[Round "3.3"]
[White "Tsoukkerman, Boris Z"]
[Black "Kasubke, Manfred"]
[Result "1-0"]
[WhiteElo "1892"]
[BlackElo "1846"]
[PlyCount "103"]
[EventDate "2018.??.??"]
[SourceDate "2018.10.06"]

1. Nf3 g6 2. d4 Nf6 3. c4 Bg7 4. Nc3 d6 5. h3 Bf5 6. Bf4 h6 7. e3 Ne4 8. Rc1
Nd7 9. Nxe4 Bxe4 10. Nd2 Nf6 11. Nxe4 Nxe4 12. Qf3 f5 13. Bd3 e5 14. Bxe4 fxe4
15. Qxe4 O-O 16. dxe5 dxe5 17. Bg3 c6 18. O-O Qg5 19. c5 Kh7 20. Rcd1 Rad8 21.
Bh4 Rxd1 22. Bxg5 Rxf1+ 23. Kxf1 hxg5 24. Qd3 Rf7 25. e4 Bf6 26. Qd6 Kg7 27.
Ke2 Re7 28. Kf3 Kf7 29. Kg4 a6 30. g3 Re6 31. Qd7+ Re7 32. Qc8 Kg7 33. h4 gxh4
34. gxh4 Rf7 35. h5 gxh5+ 36. Kxh5 Re7 37. Qh3 Kf7 38. f3 Re8 39. Qd7+ Re7 40.
Qc8 Kg7 41. Kg4 Kg6 42. Qf5+ Kf7 43. f4 Kg7 44. Qh5 exf4 45. Kxf4 Bxb2 46. e5
Kf8 47. Qh6+ Ke8 48. Qh8+ Kd7 49. e6+ Rxe6 50. Qxb2 Kc8 51. Qh8+ Kd7 52. Qb8
1-0

[Event "SK Königsspringer Nordwalde 1 - SC Gron"]
[Site "Verbandsklasse 2018/2019"]
[Date "2018.11.17"]
[Round "3.4"]
[White "Mense, Jens Uwe"]
[Black "Reinhold, Klaus"]
[Result "1-0"]
[WhiteElo "1822"]
[BlackElo "1816"]
[PlyCount "109"]
[EventDate "2018.??.??"]
[SourceDate "2018.10.06"]

1. d4 d5 2. Nc3 Bf5 3. f3 Nf6 4. Bg5 Nbd7 5. g4 Bg6 6. Nh3 h6 7. Bxf6 Nxf6 8.
Nf4 Bh7 9. e3 e6 10. Bd3 Bd6 11. Qd2 Bxf4 12. exf4 Bxd3 13. Qxd3 c6 14. f5 Qd6
15. fxe6 Qxe6+ 16. Kd2 O-O-O 17. Rae1 Qd6 18. Qf5+ Qd7 19. Qxd7+ Kxd7 20. Re5
Rhe8 21. Rhe1 Rxe5 22. dxe5 Ne8 23. f4 Nc7 24. h4 f6 25. f5 fxe5 26. Rxe5 Kd6
27. Re1 Re8 28. Rf1 Ke5 29. Ne2 Kf6 30. Ng3 d4 31. Nh5+ Kf7 32. Nf4 Re3 33. Ne2
Rh3 34. g5 Rxh4 35. g6+ Kf6 36. Kd3 c5 37. Ng3 Rh3 38. Rf3 Ke5 39. f6 Rxg3 40.
Rxg3 Kxf6 41. Ke4 b6 42. a4 Ne6 43. a5 Ng5+ 44. Kd5 Kf5 45. a6 h5 46. Kc6 h4
47. Rg1 c4 48. Kb7 d3 49. Kxa7 d2 50. Kxb6 Nf3 51. Rf1 Kxg6 52. a7 Ne1 53. a8=Q
d1=Q 54. Qe4+ Kh6 55. Qxh4+ 1-0

[Event "SK Königsspringer Nordwalde 1 - SC Gron"]
[Site "Verbandsklasse 2018/2019"]
[Date "2018.11.17"]
[Round "3.5"]
[White "Sprenger, Franz"]
[Black "Holstegge, Ludger"]
[Result "1-0"]
[WhiteElo "1685"]
[BlackElo "1761"]
[PlyCount "75"]
[EventDate "2018.??.??"]
[SourceDate "2018.10.06"]

1. e4 c6 2. d4 d5 3. exd5 cxd5 4. Bd3 Nc6 5. c3 Nf6 6. Ne2 g6 7. O-O Bg7 8. h3
O-O 9. Be3 Bf5 10. Bxf5 gxf5 11. Nd2 Qd7 12. f3 Nh5 13. f4 Kh8 14. Kh2 Rg8 15.
Ng1 Nf6 16. Ngf3 Ne4 17. Ne5 Bxe5 18. dxe5 e6 19. Nxe4 fxe4 20. Bf2 Rg6 21. Bh4
h6 22. g4 Qc7 23. Kh1 Kh7 24. Qe2 Na5 25. f5 Rg7 26. Bf6 Rag8 27. fxe6 fxe6 28.
Rg1 Rg6 29. h4 Qc4 30. Qd1 Qd3 31. Qxd3 exd3 32. g5 Nc4 33. Rad1 Rc8 34. Rxd3
h5 35. Rg2 b5 36. b3 Na5 37. Be7 Rc7 38. Bd8 1-0

[Event "SK Königsspringer Nordwalde 1 - SC Gron"]
[Site "Verbandsklasse 2018/2019"]
[Date "2018.11.17"]
[Round "3.6"]
[White "Hols, Bernhard"]
[Black "Schlueter, Gerhard"]
[Result "1/2-1/2"]
[WhiteElo "1768"]
[BlackElo "1658"]
[PlyCount "44"]
[EventDate "2018.??.??"]
[SourceDate "2018.10.06"]

1. c4 e6 2. d4 d5 3. Nc3 Nf6 4. Nf3 Nbd7 5. Bg5 Be7 6. e3 O-O 7. Rc1 c6 8. cxd5
exd5 9. Bd3 Re8 10. Nd2 Nf8 11. h3 h6 12. Bh4 N6h7 13. Bg3 Bd6 14. Bxd6 Qxd6
15. Nf3 Qf6 16. Ne2 Bf5 17. Bxf5 Qxf5 18. Ng3 Qe6 19. O-O Ng6 20. Qd3 Nf6 21.
b4 a6 22. a4 Ne4 1/2-1/2

[Event "SK Königsspringer Nordwalde 1 - SC Gron"]
[Site "Verbandsklasse 2018/2019"]
[Date "2018.11.17"]
[Round "3.7"]
[White "Mosebach, Peter Georg"]
[Black "Keller, Hansjuergen"]
[Result "0-1"]
[WhiteElo "1628"]
[BlackElo "1673"]
[PlyCount "56"]
[EventDate "2018.??.??"]
[SourceDate "2018.10.06"]

1. e4 c5 2. Nf3 Nc6 3. Bb5 e6 4. d3 Qc7 5. O-O Be7 6. Nc3 d6 7. Be3 Bd7 8. Qd2
Nf6 9. Rfd1 O-O 10. Qe2 Rfd8 11. d4 cxd4 12. Nxd4 a6 13. Bd3 Ne5 14. Rac1 Rac8
15. f4 Nxd3 16. cxd3 Qb8 17. Bf2 b5 18. e5 dxe5 19. fxe5 Nd5 20. Nxd5 exd5 21.
e6 fxe6 22. Nxe6 Re8 23. Rxc8 Qxc8 24. Nf4 Bg4 25. Qe5 Bxd1 26. Nxd5 Bf8 27.
Qg5 Qd8 28. Qf5 Bg4 0-1

[Event "SK Königsspringer Nordwalde 1 - SC Gron"]
[Site "Verbandsklasse 2018/2019"]
[Date "2018.11.17"]
[Round "3.8"]
[White "Schmidt, Ralf"]
[Black "Gerdes, Joachim"]
[Result "1/2-1/2"]
[WhiteElo "1597"]
[BlackElo "1300"]
[PlyCount "87"]
[EventDate "2018.??.??"]
[SourceDate "2018.10.06"]

1. d4 d5 2. Bf4 Bf5 3. Nf3 Nf6 4. e3 e6 5. c4 c6 6. Nc3 Bd6 7. Ne5 O-O 8. Be2
h6 9. O-O Bxe5 10. dxe5 Ne4 11. Nxe4 Bxe4 12. Qb3 Qb6 13. Qc3 Nd7 14. Kh1 Rac8
15. Bg3 Bg6 16. Rad1 Nc5 17. f3 Na4 18. Qa3 Nc5 19. Bf2 Nd7 20. e4 Qc7 21. cxd5
Nxe5 22. Bg3 cxd5 23. exd5 Qc2 24. Bxe5 Qxe2 25. Rfe1 Qc4 26. d6 Rcd8 27. Rc1
Qb5 28. Bg3 a6 29. Red1 Rd7 30. h3 Rfd8 31. b3 f6 32. Rc5 Qe2 33. Rdc1 Kh7 34.
Qa4 e5 35. Rc7 Be8 36. Rxd7 Rxd7 37. Qb4 Qe3 38. Rc7 b5 39. Rc3 Qd2 40. Qe4+
Bg6 41. Qc6 Qxd6 42. Qa8 Rd8 43. Qb7 Bf5 44. Rc6 1/2-1/2